Research methods (Record no. 84981)
[ view plain ]
| 000 -LEADER | |
|---|---|
| fixed length control field | 00672nam a22002417a 4500 |
| 003 - CONTROL NUMBER IDENTIFIER | |
| control field | URS |
| 005 - DATE AND TIME OF LATEST TRANSACTION | |
| control field | 20250828100510.0 |
| 008 - FIXED-LENGTH DATA ELEMENTS--GENERAL INFORMATION | |
| fixed length control field | 250407b ||||| |||| 00| 0 eng d |
| 020 ## - INTERNATIONAL STANDARD BOOK NUMBER | |
| International Standard Book Number | 9712317870 |
| 040 ## - CATALOGING SOURCE | |
| Transcribing agency | URS |
| 050 ## - LIBRARY OF CONGRESS CALL NUMBER | |
| Classification number | LB1047.3 |
| Item number | .Ad19 1995 |
| 100 1# - MAIN ENTRY--PERSONAL NAME | |
| 9 (RLIN) | 432 |
| Personal name | Galicano-Adanza, Estela, |
| 245 ## - TITLE STATEMENT | |
| Title | Research methods |
| Remainder of title | : principles and applications |
| 250 ## - EDITION STATEMENT | |
| Edition statement | 1st Edition |
| 264 ## - PRODUCTION, PUBLICATION, DISTRIBUTION, MANUFACTURE, AND COPYRIGHT NOTICE | |
| Place of production, publication, distribution, manufacture | Manila |
| Name of producer, publisher, distributor, manufacturer | Rex Book Store |
| Date of production, publication, distribution, manufacture, or copyright notice | ©1995 |
| 300 ## - PHYSICAL DESCRIPTION | |
| Extent | 200 pages.,: |
| Dimensions | 23 cm. |
| 336 ## - CONTENT TYPE | |
| Source | rdacontent |
| Content type term | text |
| 337 ## - MEDIA TYPE | |
| Source | rdamedia |
| Media type term | unmediated |
| 338 ## - CARRIER TYPE | |
| Source | rdacarrier |
| Carrier type term | volume |
| 650 #0 - SUBJECT ADDED ENTRY--TOPICAL TERM | |
| 9 (RLIN) | 2222 |
| Topical term or geographic name entry element | Report writing |
| 650 #0 - SUBJECT ADDED ENTRY--TOPICAL TERM | |
| 9 (RLIN) | 10079 |
| Topical term or geographic name entry element | Research -- Methodology. |
| 942 ## - ADDED ENTRY ELEMENTS (KOHA) | |
| Source of classification or shelving scheme | Library of Congress Classification |
| Koha item type | Filipiniana |
| Withdrawn status | Source of classification or shelving scheme | Damaged status | Not for loan | Collection code | Home library | Current library | Date acquired | Total Checkouts | Full call number | Barcode | Date last seen | Price effective from | Koha item type |
|---|---|---|---|---|---|---|---|---|---|---|---|---|---|
| Library of Congress Classification | Non-fiction | Morong Graduate Library | Morong Graduate Library | 04/07/2025 | LB1047.3 .Ad19 1995 | URSMOR-GL-5172 | 04/07/2025 | 04/07/2025 | Filipiniana |